书目信息 |
| 题名: |
法律自然主义
|
|
| 作者: | 太渥 著 ;杨静哲 译 | |
| 分册: | ||
| 出版信息: | 北京 法律出版社 2013 |
|
| 页数: | 20,258页 | |
| 开本: | 21cm | |
| 丛书名: | 西方马克思主义法学经典译丛 | |
| 单 册: | ||
| 中图分类: | A811.64 , D909.1 | |
| 科图分类: | ||
| 主题词: | 马克思主义--关系--自然法学派--研究 , 马克思主义 , 自然法学派 | |
| 电子资源: | ||
| ISBN: | 978-7-5118-5175-8 | |
| 000 | 01511nam0 2200337 450 | |
| 001 | 519 | |
| 005 | 20140904155450.20 | |
| 010 | @a978-7-5118-5175-8@dCNY44.00 | |
| 100 | @a20140228d2013 em y0chiy50 ea | |
| 101 | 1 | @achi@ceng |
| 102 | @aCN@b110000 | |
| 105 | @ay z 001yy | |
| 106 | @ar | |
| 200 | 1 | @a法律自然主义@AFa Lu^ Zi Ran Zhu Yi@e一种马克思主义法律理论@EYi Zhong Ma Ke Si Zhu Yi Fa Lu^ Li Lun@dLegal naturalism@ea Marxist theory of law@f(美)欧鲁菲米·太渥(Olufemi Taiwo)著@F( Mei ) Ou Lu Fei Mi· Tai Wo (Olufemi Taiwo) Zhu@g杨静哲译@zeng |
| 210 | @a北京@c法律出版社@d2013 | |
| 215 | @a20,258页@d21cm | |
| 225 | 2 | @a西方马克思主义法学经典译丛@f李其瑞主编 |
| 300 | @a陕西省重点学科建设专项资金资助项目 “十二五”国家重点图书规划项目 | |
| 330 | @a本书作者从社会理论视角出发,深度解读经典著作,集中探讨了社会形态(生产方式)之自然法、自然法之实证化、法律之自主性以及法律之消亡论等重要理论问题,内容涉及历史哲学、法哲学、比较法、法律社会学以及现代法社会理论等众多领域。 | |
| 461 | 0 | @12001 @a西方马克思主义法学经典译丛 |
| 510 | 1 | @aLegal naturalism@ea Marxist theory of law@zeng |
| 517 | 1 | @a一种马克思主义法律理论@AYi Zhong Ma Ke Si Zhu Yi Fa Lu^ Li Lun |
| 606 | 0 | @a马克思主义@x关系@x自然法学派@x研究 |
| 606 | 0 | @a马克思主义 |
| 606 | 0 | @a自然法学派 |
| 690 | @aA811.64@v5 | |
| 690 | @aD909.1@v5 | |
| 701 | 0 | @c(美)@a太渥@ATai Wo@c(Taiwo, Olufemi)@4著 |
| 702 | 0 | @a杨静哲@AYang Jing Zhe@c(法学)@4译 |
| 801 | 0 | @aCN@bTANGWEI@c20140603 |
| 905 | @b0838942-44@dA811.64@e240@f3 | |
| 法律自然主义:一种马克思主义法律理论=Legal naturalism:a Marxist theory of law/(美)欧鲁菲米·太渥(Olufemi Taiwo)著/杨静哲译.-北京:法律出版社,2013 |
| 20,258页;21cm.-(西方马克思主义法学经典译丛/李其瑞主编) |
| 陕西省重点学科建设专项资金资助项目 “十二五”国家重点图书规划项目 |
| ISBN 978-7-5118-5175-8:CNY44.00 |
| 本书作者从社会理论视角出发,深度解读经典著作,集中探讨了社会形态(生产方式)之自然法、自然法之实证化、法律之自主性以及法律之消亡论等重要理论问题,内容涉及历史哲学、法哲学、比较法、法律社会学以及现代法社会理论等众多领域。 |
| ● |
| 相关链接 |
|
|
|
|
正题名:法律自然主义
索取号:A811.64/240
 
预约/预借
| 序号 | 登录号 | 条形码 | 馆藏地/架位号 | 状态 | 备注 |
| 1 | 0838942 | 208389420 | 第一样本阅览室/ [索取号:A811.64/240] | 在馆 | |
| 2 | 0838943 | 208389439 | 第一借阅区/ [索取号:A811.64/240] | 在馆 | |
| 3 | 0838944 | 208389448 | 第一借阅区/ [索取号:A811.64/240] | 在馆 |